|
|
|
|
| LEADER |
01182nam a2200337 4500 |
| 001 |
DLU210196145 |
| 005 |
##20210419 |
| 020 |
# |
# |
|a 9786045445860
|
| 040 |
# |
# |
|a DLU
|b vie
|
| 041 |
# |
# |
|a vie
|
| 044 |
# |
# |
|a vn
|
| 082 |
# |
# |
|a 378.597
|b HO-N
|
| 100 |
# |
# |
|a Hồ Thị Nhật.
|
| 245 |
# |
# |
|a Đánh giá vì sự tiến bộ học tập ở giáo dục đại học :
|b Nguyên tắc triết lí - phương pháp - kĩ thuật /
|c Hồ Thị Nhật.
|
| 246 |
# |
# |
|a Đánh giá vì sự tiến bộ học tập ở giáo dục đại học :
|b Nguyên tắc triết lý - phương pháp - kỹ thuật
|
| 260 |
# |
# |
|a H. :
|b Đại học Sư phạm,
|c 2019.
|
| 300 |
# |
# |
|a 135 tr. ;
|c 24 cm.
|
| 504 |
# |
# |
|a Tài liệu tham khảo sau mỗi chương.
|
| 650 |
# |
# |
|a Đánh giá giáo dục
|z Việt Nam.
|
| 650 |
# |
# |
|a Giáo dục đại học
|z Việt Nam
|x Đánh giá.
|
| 923 |
# |
# |
|a 03/2020
|
| 991 |
# |
# |
|a SH
|
| 992 |
# |
# |
|a 50000
|
| 994 |
# |
# |
|a DLU
|
| 900 |
# |
# |
|a True
|
| 911 |
# |
# |
|a Nguyễn Thanh Hương
|
| 925 |
# |
# |
|a G
|
| 926 |
# |
# |
|a A
|
| 927 |
# |
# |
|a SH
|
| 980 |
# |
# |
|a Thư viện Trường Đại học Đà Lạt
|